LIBRARY & INFORMATION CENTRE, KCAET, TAVANUR

ONLINE PUBLIC ACCESS CATALOGUE (OPAC)

Design, development and evaluation of a sullage treatment system (Record no. 15175)

MARC details
000 -LEADER
fixed length control field 00737nam a22002057a 4500
003 - CONTROL NUMBER IDENTIFIER
control field OSt
088 ## - REPORT NUMBER
Report number P 197
100 ## - MAIN ENTRY--AUTHOR NAME
Personal name ARJUN GOPAKUMAR
245 ## - TITLE STATEMENT
Title Design, development and evaluation of a sullage treatment system
260 ## - PUBLICATION, DISTRIBUTION, ETC. (IMPRINT)
Place of publication Tavanur 2009
Name of publisher Kelappaji College of Agricultural Engineering and Technology
300 ## - PHYSICAL DESCRIPTION
Number of Pages 65
500 ## - GENERAL NOTE
General note Design, development and evaluation of a sullage treatment system
520 ## - SUMMARY, ETC.
Summary, etc Design, development and evaluation of a sullage treatment system
700 ## - ADDED ENTRY--PERSONAL NAME
Personal name Shajeer A. K. P
700 ## - ADDED ENTRY--PERSONAL NAME
Personal name Soumya Rani T
700 ## - ADDED ENTRY--PERSONAL NAME
Personal name Er. Asha Joseph (Guide)
856 ## - ELECTRONIC LOCATION AND ACCESS
Uniform Resource Identifier https://drive.google.com/open?id=1rUxx6LjiNUMetv1eMnRG6ucEXKJf57Hi
942 ## - ADDED ENTRY ELEMENTS (KOHA)
Koha item type Project Report
Holdings
Collection code Home library Current library Shelving location Full call number Accession Number Koha item type
Reference KAUAET KAUAET Reference 631.587 ARJ/DE P 197 Project Report
free website counter